Normal view
MARC view
- Salahuddin, Hasan
Entry Personal Name
001 - CONTROL NUMBER
- control field: 132710
003 - CONTROL NUMBER IDENTIFIER
- control field: NUST
005 - DATE AND TIME OF LATEST TRANSACTION
- control field: 20260105132522.0
008 - FIXED-LENGTH DATA ELEMENTS
- fixed length control field: 260105|| aca||aabn | a|a d
040 ## - CATALOGING SOURCE
- Original cataloging agency: NUST
- Transcribing agency: NUST
100 ## - HEADING--PERSONAL NAME
- Personal name: Salahuddin, Hasan
670 ## - SOURCE DATA FOUND
- Source citation: Work cat.: (NUST): Salahuddin, Hasan, Exploring the Sustainability of Eco-Cultural Tourism: Perspectives of Locals in Hunza Valley, Pakistan/
